000
00288nam a2200133Ia 4500
100
_a
Shukla/M.C./ Grewal/T.S.
942
_c
BK
654
_a
cost
245
_a
Cost Accounts
260
_b
S.Chand and Co.
_a
New Delhi
_c
1982
082
_a
657.42
_b
SHU
300
_a
513
546
_a
ENGLISH
999
_c
33745
_d
33745